000 01454nab a2200229 i 4500
001 BPP
003 BPK
005 20160120130907.0
008 160119s1979 pl | | |100 ||pol
040 _cBPK
080 _a796.012
100 _aDUBROWSKI, Edward.
_d1974 - 1985.
_bWyższa Szkoła Inżynierska w Koszalinie - Studium Wychowania Fizycznego i Sportu
_c.
245 _aKształtowanie się zainteresowań sportowych wśród studentów przyjętych do Wyższej Szkoły Inżynierskiej w Koszalinie w roku akademickim 1977/78 /
_cEdward Dubrowski.
260 _c1979.
500 _aDane z autopsji.
520 _aW niniejszym opracowaniu zawarto próbę oceny zainteresowań kulturą fizyczną młodzieży rozpoczynającej studia w WSInż. Zankietowano 436 osób wstępujących na studia w roku akademickim 1977/78. W wyniku przeprowadzonych analiz stwierdzono, że zainteresowanie sportem wśród młodzieży jest małe, różniące się w zależności od płci oraz typu i miejsca ukończenia szkoły średniej.
650 0 _aStudenci - kultura fizyczna.
655 0 _aMateriały konferencyjne.
773 _iW :
_tZeszyty Naukowe Wyższej Szkoły Inżynierskiej w Koszalinie. Prace Studiów Wychowania Fizycznego i Sportu Uczelni Technicznych. -
_g1979, nr 6, s. 203-207
711 _aSeminarium : Przyrodnicze podstawy wychowania fizycznego i sportu uczelni technicznych
_n(6 ;
_d1979 ;
_cKoszalin, Polska).
942 _cART
_2UKD
999 _c5169
_d5169